| 000 | 00593nam a2200181Ia 4500 | ||
|---|---|---|---|
| 003 | GCL | ||
| 008 | 140319s9999 xx 000 0 ara d | ||
| 020 | _a431239953 | ||
| 040 |
_aGCL / _cGCL |
||
| 082 | 0 | 4 |
_a303.44 _bم ن |
| 245 | 1 | 0 | _aالنهضة واكتساب المعرفة فى الوطن العربى |
| 250 | _aالاولى | ||
| 260 |
_aالقاهرة : _bمركز دراسات الوحدة العربية ، _c2002 |
||
| 300 |
_a158 ص ؛ _c24 سم |
||
| 650 | 0 | 4 | _aالنزاع العربى الاسرائيلى |
| 650 | 0 | 4 | _aالتنمية الاجتماعية |
| 942 |
_2ddc _cBK |
||
| 999 |
_c3199 _d3199 |
||